00601nam a22001097a 4500008004100000100001600041245008200057260003400139300003300173520025100206773003400457260624b ||||| |||| 00| 0 eng d aRai, Sakshi aFragments against Amnesia : On memory, solidarity, and the political prisoner aEconomic & Political Weekly  a61(23), Jun 6, 2026: p.32-34 aHow long can the moon be caged? Voices of Indian political prisoners by Suchitra Vijayan and Francesca Recchia, Chennai: Context/Westland, 2024; pp 312, ₹599.- Reproduced https://www.epw.in/journal/book-reviews/fragments-against-amnesia.html  aEconomic & Political Weekly